| 000 | 01292nam a2200361 a 4500 | ||
|---|---|---|---|
| 003 | BLK | ||
| 005 | 20250722095708.0 | ||
| 008 | 180408b bul|||||r ||||||| ||bul|| | ||
| 010 | _aKNG00049860000 | ||
| 020 | _a954-507-034-Х | ||
| 040 | _aBLK | ||
| 041 |
_aBUL _cBUL |
||
| 080 |
_aАнглийска литература _b821.111 _x-312.4 _z821.111-312.4 |
||
| 100 | 1 |
_aЧейс, Джеймс Хадли _eпърви автор _9241644 |
|
| 139 |
_aЧейс, Джеймс Хадли _bЧ 49 |
||
| 245 | 1 | 0 |
_aТози път наистина _bРоман _cДжеймс Хадли Чейс; прев. Мария Парушева. |
| 257 | _aGBR | ||
| 260 |
_aСофия _bГуторанов и син _c1994 |
||
| 300 |
_a279 с. _c20 см |
||
| 380 | _aX | ||
| 490 |
_aДжеймс Хадли Чейс _v15 |
||
| 500 | _aОриг. загл. This Is for Real / James Hadley Chase. - Офс. изд. | ||
| 653 | _aкрими | ||
| 653 | _aромани | ||
| 700 | 1 |
_aПарушева, Мария _eпрев. _9368173 |
|
| 852 |
_aЦб 176404 _bЦб |
||
| 856 | 4 | _qpdf | |
| 856 | 4 | _qpdf | |
| 942 |
_cKNG _n0 _012 |
||
| 944 |
_aCR _c05.05.2005 _lДиана Гривева _k30529 |
||
| 944 |
_aED _c11.05.2017 _lф / _kЛюдмила_Стоянова |
||
| 999 |
_c46057 _d46057 |
||
| 999 | _d46057 | ||